00529nam a2200145Ia 4500008004000000082001600040100002000056245008100076260004500157300000800202690002000210906001100230999001700241952012500258210210b1978 xxu||||| |||| 00| 0 eng d a307.72 HERR aHEREDERO (J M). aRural development and social change: an experiment in non-formal education. aNew Delhi.bManohar Publications.,c1978 a187 aRural Sociology a038122 c88080d88080 001040708SociologyaALbALcSociologyd2021-02-17g25.00l0o307.72 HERRp038122r2021-02-17 00:00:00w2021-02-17yBK